00543nam a22001457a 4500041000800000082001800008100002300026245017000049260002500219300000700244650001300251942000900264952010700273999001700380 aENG a266.0954bTIM aTimpini Gorrumuchu aSocial, Cultural, and Religious Study of the Canadian Baptist Mission work on Women's Empowerment and Development in Krishna District, Andhra Pradesh, from 1923-1973 aHyderabadbHMIc2025 a92 aMissions cTHES 00104070aHMIbHMIcGENd2025-06-30eStudentl0o266.0954 TIMp11-4881r2025-06-30w2025-06-30yTHES c23550d23550